| 000 | 00465pab a2200169 454500 | ||
|---|---|---|---|
| 008 | 180718b2011 xxu||||| |||| 00| 0 eng d | ||
| 100 | _aBel, Germa | ||
| 245 | _aThe first privatisation: Selling SOEs and privatising public monopolies in fascist Italy (1922-1925 | ||
| 260 | _c2011 | ||
| 300 | _ap.937-956. | ||
| 362 | _aSep | ||
| 650 | _aPublic sector | ||
| 650 | _aPrivatization | ||
| 773 | _aCambridge Journal of Economics | ||
| 908 | _aN | ||
| 909 | _a93299 | ||
| 999 |
_c93299 _d93299 |
||